Logo BPK

Biblioteka

Politechniki Koszalińskiej

Programy ramowe studiów wieczorowych i zaocznych dla kierunku mechanika : (Rekord nr 8392)

Szczegóły MARC
000 -ETYKIETA REKORDU
podpole kontrolne o stałej długości 01211nam a2200325 i 4500
001 - NUMER KONTROLNY REKORDU
pole kontrolne KOSZ 005
003 - IDENTYFIKATOR NUMERU KONTROLNEGO REKORDU
podpole kontrolne KOSZ 005
005 - DATA OSTATNIEJ MODYFIKACJI REKORDU
podpole kontrolne 20200630132818.0
008 - POLE O STAŁEJ DŁUGOŚCI - DANE KONTROLNE
podpole kontrolne o stałej długości 950505s1969 pl |000 0 pol d
040 ## - ŹRÓDŁO KATALOGOWANIA
Instytucja, która utworzyła rekord KOSZ 005
Instytucja, która sporządziła opis KOSZ 005
Instytucja, która dokonała modyfikacji KOSZ 005/HR
041 ## - KOD JĘZYKA
Kod języka tekstu pol
045 ## - ZAKRES CZASOWY ZAWARTOŚCI
Zakres czasowy d1969
046 ## - DATY KODOWANE
Pojedyncza data lub początek okresu powstania dzieła lub zbioru dzieł 1969
080 ## - UNIWERSALNA KLASYFIKACJA DZIESIĘTNA - UKD
UKD 378.09(438)
245 00 - TYTUŁ/ODPOWIEDZIALNOŚĆ
Tytuł Programy ramowe studiów wieczorowych i zaocznych dla kierunku mechanika :
Ciąg dalszy tytułu plany studiów i ramowe programy nauczania /
Pozostałe elementy strefy tytułu i oznaczenia odpowiedzialności Ministerstwo Oświaty i Szkolnictwa Wyższego. Departament Studiów Technicznych.
260 ## - STREFA ADRESU WYDAWNICZEGO
Miejsce wydania Warszawa :
Nazwa wydawcy/dystrybutora Państwowe Wydawnictwo Naukowe,
Data publikacji, dystrybucji/powstania dokumentu 1969.
300 ## - STREFA OPISU FIZYCZNEGO
Objętość 315 s. ;
Rozmiary 23 cm.
380 ## - FORMA I TYP PUBLIKACJI
Forma i typ publikacji Książki
380 ## - FORMA I TYP PUBLIKACJI
Forma i typ publikacji Publikacje informacyjne
388 ## - CZAS POWSTANIA
Czas powstania 1901-2000
388 ## - CZAS POWSTANIA
Czas powstania 1945-1989
658 ## - TERMIN INDEKSOWY - PRZEDMIOT PROGRAMU NAUCZANIA
Główny przedmiot programu nauczania Nauka i badania
655 #4 - TERMIN INDEKSOWY - OKREŚLENIE RODZAJU/FORMY DOKUMENTU
Określenie rodzaju/formy dokumentu Informator
650 #4 - HASŁO PRZEDMIOTOWE W FORMIE NAZWY OGÓLNEJ LUB JEDNOSTKOWEJ
Nazwa ogólna lub geograficzna Organizacja
650 #4 - HASŁO PRZEDMIOTOWE W FORMIE NAZWY OGÓLNEJ LUB JEDNOSTKOWEJ
Nazwa ogólna lub geograficzna Szkolnictwo wyższe
710 2# - HASŁO DODATKOWE - NAZWA CIAŁA ZBIOROWEGO
Nazwa ciała zbiorowego lub jednostki geograficznej Ministerstwo Oświaty i Szkolnictwa Wyższego.
Nazwa jednostki podrzędnej Departament Studiów Technicznych.
710 2# - HASŁO DODATKOWE - NAZWA CIAŁA ZBIOROWEGO
Nazwa ciała zbiorowego lub jednostki geograficznej Państwowe Wydawnictwo Naukowe
856 ## - LOKALIZACJA I DOSTĘP DO ELEKTRONICZNYCH DOKUMENTÓW ZDALNYCH
Link (URL) http://koha.tu.koszalin.pl/cgi-bin/koha/opac-detail.pl?biblionumber=8392
Tekst linku Katalog online BPK
942 ## - DODATKOWE ELEMENTY (KOHA)
Typ dokumentu Książka
Schemat klasyfikacji Uniwersalna Klasyfikacja Dziesiętna
Egzemplarze
Wycofany Status egzemplarza Uszkodzony Dostępność Lokalizacja stała Lokalizacja bieżąca Miejsce przechowywania Sygnatura Kod kreskowy Typ dokumentu
      Dostępny Biblioteka Politechniki Koszalińskiej Biblioteka Politechniki Koszalińskiej Wypożyczalnia BG 5038 02193137 Książka
© 2023 Biblioteka Politechniki Koszalińskiej :: KOHA